Estatísticas para Paraguai

Clique aqui para jogar o quiz

Estatísticas Gerais

  • Esse quiz foi jogado 21 vezes
  • A pontuação média é 7 de 12

Estatísticas das Respostas

HintResposta% Correto
Onde fica?América do Sul
100%
Qual é o seu idioma?Espanhol
100%
Qual é sua capital?Assunção
95%
De que país é independente?Espanha
95%
Qual é o desporto mais popular?Futebol
95%
Qual é a sua religião?Cristianismo
90%
Qual é a sua moeda?Guarani
65%
Qual é a sua bebida mais popular?Tererê
35%
Qual é o seu prato típico?Sopa Paraguaia
20%
Qual é a sua dança tradicional?Polca
15%
Qual é o seu ponto mais alto?Cerro Peró
5%
Que árvore é símbolo do país?Tabebuia
0%

Distribuição das Pontuações

Percentil de Números Respondidos

Porcentagem de Pessoas com Cada Pontuação

Sua Pontuação Histórica

Você não jogou esse quiz